Statistics for Spell Commonly Used Words that are Easy to Misspell

Click here to take the quiz!

General Stats

  • This quiz has been taken 37 times
    (21 since last reset)
  • The average score is 8 of 10

Answer Stats

QuestionAnswer% Correct
Which is the correct spelling?Believe
100%
Which is the correct spelling?Receive
100%
Which is the correct spelling?Beautiful
95%
Which is the correct spelling?Calendar
95%
Which is the correct spelling?Tomorrow
86%
Which is the correct spelling?Definitely
81%
Which is the correct spelling?Mischievous
81%
Which is the correct spelling?Successful
76%
Which is the correct spelling?Twelfth
76%
Which is the correct spelling?Embarrass
43%

Score Distribution

Percentile by Number Answered

Percent of People with Each Score

Your Score History

You have not taken this quiz since the last reset